Entry Personal Name
Number of records used in: 13
001 - CONTROL NUMBER
003 - CONTROL NUMBER IDENTIFIER
005 - DATE AND TIME OF LATEST TRANSACTION
- control field:
20200220144208.0
008 - FIXED-LENGTH DATA ELEMENTS
- fixed length control field:
200201|| aca||aabn | a|a d
040 ## - CATALOGING SOURCE
- Original cataloging agency:
OSt
100 ## - HEADING--PERSONAL NAME
- Personal name:
Tharoor, Shashi
- Dates associated with a name:
1956-